Alle Minecraft Advancements 1.26 - Statistiken

Allgemein
  • Dieses Quiz wurde 32 mal gespielt
  • Das Durchschnittsergebnis liegt bei 16 aus 121
Antwortstatistiken
Hint Antwort % Korrekt
1.0.0 The End?
71%
1.0 The End
71%
n.a. Stone Age
65%
n.a. Getting an Upgrade
59%
1.12 How Did We Get Here?
59%
1.7 Diamonds!
53%
n.a. Eye Spy
53%
1.12 Return to Sender
41%
1.0.0 We Need to Go Deeper
41%
n.a. Hot Stuff
35%
1.12 A Balanced Diet
29%
n.a. A Terrible Fortress
29%
1.12 Best Friends Forever
29%
n.a. Ice Bucket Challenge
29%
1.0.0 Into Fire
29%
n.a. Monster Hunter
29%
n.a. Not Today, Thank You
29%
1.18 Star Trader
29%
n.a. Take Aim
29%
n.a. The End... Again..
29%
n.a. Beaconator
24%
1.17 Is It a Balloon?
24%
n.a. Isn't It Iron Pick
24%
1.16 Oh Shiny
24%
1.19 Sneak 100
24%
n.a. Spooky Scary Skeleton
24%
n.a. Suit Up
24%
1.17 Wax Off
24%
1.17 Wax On
24%
n.a. What a Deal!
24%
1.7 Adventuring Time
18%
1.12 A Seedy Place
18%
1.18 Caves & Cliffs
18%
1.16 Cover Me in Debris
18%
n.a. Free the End
18%
1.17 Is It a Bird?
18%
1.17 Is It a Plane?
18%
1.14 Ol' Betsy
18%
1.21 Over-Overkill
18%
n.a. Sky's the Limit
18%
n.a. Sniper Duel
18%
1.12 Subspace Bubble
18%
1.12 The Parrots and the Bats
18%
1.14 Two Birds, One Arrow
18%
1.17 Whatever Floats Your Goat!
18%
1.14 Who's the Pillager Now?
18%
n.a. Bring Home the Beacon
12%
n.a. Great View From Up Here
12%
1.14 Hero of the Village
12%
1.16 Hot Tourist Destinations
12%
1.19 It Spreads
12%
1.12 Postmortal
12%
1.12 Serious Dedication
12%
n.a. Sweet Dreams
12%
1.13 Tactical Fishing
12%
n.a. The Next Generation
12%
1.12 Uneasy Alliance
12%
n.a. Zombie Doctor
12%
1.14 A Complete Catalogue
6%
n.a. Acquire Hardware
6%
1.14 Arbalistic
6%
1.16 Bullseye
6%
1.20 Crafting a New Look
6%
1.0.0 Enchanter
6%
1.17 Glow and Behold!
6%
1.16 Hidden in the Depths
6%
1.21 Minecraft: Trial(s) Edition
6%
1.20 Planting the Past
6%
n.a. Remote Getaway
6%
1.21 Revaulting
6%
1.20 Smells Interesting
6%
1.18 Sound of Music
6%
n.a. The City at the End of the Game
6%
1.17 The Cutest Predator
6%
1.20 The Whole Pack
6%
1.16 This Boat Has Legs
6%
1.16 Those Were the Days
6%
1.21 Under Lock and Key
6%
1.14 Voluntary Exile
6%
1.16 War Pigs
6%
1.16 Who is Cutting Onions?
6%
1.19 With Our Powers Combined!
6%
n.a. You Need a Mint
6%
1.12 A Furious Cocktail
0%
1.13 A Throwaway Joke
0%
1.15 Bee Our Guest
0%
1.19 Birthday Song
0%
1.21 Blowback
0%
1.19 Bukkit Bukkit
0%
1.20 Careful Restoration
0%
1.16 Country Lode, Take Me Home
0%
n.a. Cover Me with Diamonds
0%
1.21 Crafters Crafting Crafters
0%
1.18 Feels Like Home
0%
1.13 Fishy Business
0%
1.20 Good as New
0%
1.21 Heart Transplanter
0%
1.12 Hired Help
0%
1.20 Isn't It Scute?
0%
1.17 Light as a Rabbit
0%
1.21 Lighten Up
0%
1.20 Little Sniffs
0%
1.0.0 Local Brewery
0%
1.21 Mob Kabob
0%
n.a. Monsters Hunted
0%
1.16 Not Quite "Nine" Lives
0%
1.20 Respecting the Remnants
0%
1.20 Shear Brilliance
0%
1.20 Smithing with Style
0%
1.21 Stay Hydrated!
0%
1.15 Sticky Situation
0%
1.17 Surge Protector
0%
1.17 The Healing Power of Friendship!
0%
1.20 The Power of Books
0%
1.15 Total Beelocation
0%
1.12 Two by Two
0%
1.13 Very Very Frightening
0%
1.19 When the Squad Hops into Town
0%
1.21 Who Needs Rockets?
0%
n.a. Withering Heights
0%
1.19 You've Got a Friend in Me
0%
Keine übereinstimmenden Quizze gefunden
Verteilung der Resultate
Anzahl Personen mit jedem Resultat
Perzentil nach korrekt beantworteten Fragen
Ihre Resultats-Entwicklung
Sie haben dieses Quiz noch nicht gespielt